Glossary of pulp and paper terms

Es un documento en inglš muy t͠il con třminos muy comunes empleados en la industria de la pulpa y el papel.

Salvato in:
Dettagli Bibliografici
Altri autori: SPX Process Equipment
Natura: Libro
Lingua:inglese
Soggetti:
Accesso online:Glossary of pulp and paper terms
Tags: Aggiungi Tag
Nessun Tag, puoi essere il primo ad aggiungerne!!

MARC

LEADER 00000nam a22000004a 4500
001 vpro1364
005 20201223000000.0
008 120810s2006 ck # g## #001 0#eng#d
020
022
040 |a CO-BoINGC 
041 0 |a eng 
245 1 0 |a Glossary of pulp and paper terms 
246 |a Glosario de třminos de pulpa y papel 
264 |a Bogot ̀(Colombia) :  |b Revista VirtualPRO,  |c 2006 
520 3 |a Es un documento en inglš muy t͠il con třminos muy comunes empleados en la industria de la pulpa y el papel. 
650 \ \ |a Procesos industriales 
650 \ \ |a Industria del papel 
650 \ \ |a Industria de la pulpa de madera 
650 \ \ |a Industrial processes 
650 \ \ |a Paper industry 
650 \ \ |a Wood pulp industry 
650 \ \ |a Comercio del papel 
650 \ \ |a Industria papelera 
650 \ \ |a Papelera̕s 
650 \ \ |a Paper trade 
650 \ \ |a Paper industry 
650 \ \ |a Stationery  
700 \ \ |a SPX Process Equipment 
856 |z Glossary of pulp and paper terms  |u https://virtualpro.unach.elogim.com/biblioteca/glosario-de-terminos-de-pulpa-y-papel